Wave physics : oscillations - solutions - chaos
Αποθηκεύτηκε σε:
| Κύριος συγγραφέας: | |
|---|---|
| Μορφή: | Βιβλίο |
| Γλώσσα: | English |
| Δημοσίευση: |
Berlin ; Heidelberg :
Springer,
c1995
|
| Έκδοση: | 2nd corrected and enl. ed. |
| Θέματα: | |
| Ετικέτες: |
Προσθήκη ετικέτας
Δεν υπάρχουν, Καταχωρήστε ετικέτα πρώτοι!
|
MARC
| LEADER | 00000nam a2200000 i 4500 | ||
|---|---|---|---|
| 001 | 1/102510 | ||
| 008 | 000315s1995 eng d | ||
| 020 | |a 3-540-58504-4 | ||
| 035 | |l 10058112 | ||
| 040 | |a GR-MY-UA |b gre |e aacr | ||
| 041 | 0 | |a eng | |
| 082 | 0 | |a 531.1133 | |
| 100 | 1 | |a Nettel, Stephen. | |
| 245 | 1 | 0 | |a Wave physics : |b oscillations - solutions - chaos / |c Stephen Nettel |
| 250 | |a 2nd corrected and enl. ed. | ||
| 260 | |a Berlin ; Heidelberg : |b Springer, |c c1995 | ||
| 300 | |a viii, 252 p.; |b ill.; |c 24 cm. | ||
| 504 | |a Includes bibliographical references and index | ||
| 650 | 0 | 0 | |a Waves. |
| 650 | 0 | 0 | |a Wave mechanics. |
| 852 | |a INST |b SAMOS |e 20000315 |h 531.1133 NET |p 005300015518 |q 005300015518 |t BK |y 0 | ||
| 901 | |a BIBL3-2000-1 | ||
| 909 | |a Σ |b 074958 | ||
| 922 | |a 3ΕΛΗ |b 200002 |c ΚΠΣ |d ΠΑΠΑΣΩΤΗΡΙΟΥ | ||
| 950 | |a 116-2000-01-12 | ||
| 970 | |a ΓΕΝΟΥΖΟΥ |b ΧΡΥΣΑΝΘΗ |z 2000/03/15 | ||